000 00724cam a22002413a 4500
001 17207
003 PGUSA
005 20140828083352.0
008 051203s2005||||xxu|||||s|||||000 | eng d
040 _aPGUSA
_beng
042 _adc
050 4 _aAP
100 1 _aChambers, Robert,
_d1802-1871
245 1 0 _aChambers's Edinburgh Journal, No. 431 :
_bVolume 17, New Series, April 3, 1852
_h[electronic resource] /
_cRobert Chambers
260 _bProject Gutenberg,
_c2005
506 _aPublic domain in the USA.
516 _aElectronic text
653 _aPeriodicals
700 1 _aChambers, William,
_d1800-1883
830 0 _aProject Gutenberg
_v17207
856 4 0 _uhttp://www.gutenberg.org/ebooks/17207
942 _cEB
999 _c246462
_d246462